| 000 | 00376nam a2200157Ia 4500 | ||
|---|---|---|---|
| 008 | 230312s9999||||xx |||||||||||||| ||und|| | ||
| 020 | _a0-07-212407-5 | ||
| 082 |
_a004.6 _bSAS-W |
||
| 100 | _aRon Ben- Natan | ||
| 245 | 0 | _aIBM | |
| 260 |
_bMcGraw Hill _aUSA _c2000 |
||
| 300 | _a712 | ||
| 546 | _aEng. | ||
| 650 |
_aComputer _vWeb server, Hello world,Java Beans |
||
| 942 | _cBK | ||
| 999 |
_c3504 _d3504 |
||